[Event "GRE-ch U20"]
[Site "Trikala"]
[Date "2023.04.21"]
[Round "5"]
[White "Spandonidis, Vasileios"]
[Black "Bantekas, Achilleas"]
[Result "0-1"]
[WhiteElo "1343"]
[BlackElo "1635"]
[PlyCount "116"]
[EventDate "2023.04.18"]
[EventType "swiss"]
[EventRounds "9"]
[EventCountry "GRE"]
[SourceTitle "EXT 2024"]
[Source "ChessBase"]
[SourceDate "2023.10.10"]
[SourceVersion "1"]
[SourceVersionDate "2023.10.10"]
[SourceQuality "1"]

1. d4 Nf6 2. Bf4 g6 3. Nc3 d5 4. e3 Bg7 5. Nf3 0-0 6. h4 h5 7. Be2 c6 8. Ne5 Nbd7 9. f3 Nh7 10. Nxd7 Bxd7 11. Qd2 Re8 12. 0-0-0 e5 13. dxe5 Bxe5 14. Bxe5 Rxe5 15. e4 Nf6 16. Qd4 Qe7 17. f4 Re6 18. exd5 cxd5 19. Bf3 Bc6 20. Nxd5 Nxd5 21. Bxd5 Rd8 22. c4 Red6 23. Rh3 Bxd5 24. cxd5 Rxd5 25. Qxd5 Rxd5 26. Rxd5 Qc7+ 27. Kd1 Qxf4 28. Rd2 Kg7 29. b3 Qe4 30. a4 Qb1+ 31. Ke2 Qg1 32. Kd3 Qc5 33. Rf3 Qd5+ 34. Kc3 Qe5+ 35. Kd3 Qd5+ 36. Kc3 Qe4 37. Rd4 Qe1+ 38. Kc2 Qe2+ 39. Rd2 Qe4+ 40. Kb2 Qe6 41. g3 b5 42. axb5 Qe5+ 43. Kc2 Qc5+ 44. Kb2 Qxb5 45. Rdd3 a5 46. Kc2 Qc6+ 47. Kd2 Qe6 48. Rde3 Qd7+ 49. Ke2 Qb5+ 50. Kf2 Qb4 51. Rd3 Qb5 52. Rc3 Qe5 53. Rfe3 Qd4 54. Rcd3 Qb2+ 55. Kf3 Qb1 56. Kg2 Qc2+ 57. Kh3 Qf2 58. Rf3 Qg1 0-1

[Event "GRE-ch U20"]
[Site "Trikala"]
[Date "2023.04.19"]
[Round "3"]
[White "Spandonidis, Vasileios"]
[Black "Tragoudaras, Nikolaos"]
[Result "0-1"]
[WhiteElo "1343"]
[BlackElo "1821"]
[PlyCount "80"]
[EventDate "2023.04.18"]
[EventType "swiss"]
[EventRounds "9"]
[EventCountry "GRE"]
[SourceTitle "EXT 2024"]
[Source "ChessBase"]
[SourceDate "2023.10.10"]
[SourceVersion "1"]
[SourceVersionDate "2023.10.10"]
[SourceQuality "1"]

1. d4 Nf6 2. Nf3 d5 3. Bf4 c5 4. e3 Nc6 5. c3 g6 6. h3 Qb6 7. Na3 a6 8. b3 cxd4 9. exd4 Ne4 10. Nb1 Bg7 11. Bd3 0-0 12. 0-0 Bf5 13. Re1 Rfd8 14. g4 Bc8 15. Bxe4 dxe4 16. Rxe4 f5 17. gxf5 Bxf5 18. Re3 Rf8 19. Nbd2 Bxh3 20. Nc4 Qd8 21. Bg3 Bg4 22. d5 b5 23. dxc6 Qxd1+ 24. Rxd1 bxc4 25. Kg2 Bh6 26. Rde1 Bxe3 27. Rxe3 Bxf3+ 28. Rxf3 Rxf3 29. Kxf3 Kf7 30. b4 Ke6 31. Kg4 Kd5 32. c7 Rc8 33. a4 e5 34. b5 axb5 35. axb5 Rxc7 36. Kg5 Ke6 37. f4 exf4 38. Bxf4 Rc5+ 39. Kh6 Rxb5 40. Kxh7 Kf5 0-1

[Event "GRE-ch U18"]
[Site "Kavala"]
[Date "2022.05.02"]
[Round "9"]
[White "Spandonidis, Vasileios"]
[Black "Nasos, Valerios"]
[Result "0-1"]
[WhiteElo "1197"]
[BlackElo "1746"]
[PlyCount "42"]
[EventDate "2022.04.26"]
[EventType "swiss"]
[EventRounds "9"]
[EventCountry "GRE"]
[SourceTitle "CBM 208 Extra"]
[Source "ChessBase"]
[SourceDate "2022.07.31"]
[SourceVersion "1"]
[SourceVersionDate "2022.07.31"]
[SourceQuality "1"]

1. d4 Nf6 2. Bf4 g6 3. Nf3 Bg7 4. Nc3 d5 5. e3 0-0 6. Ne5 Be6 7. h4 Nbd7 8. f3 c5 9. g4 Rc8 10. h5 a6 11. hxg6 fxg6 12. Be2 b5 13. 0-0 cxd4 14. exd4 Nh5 15. Bh2 Nf4 16. Qd2 g5 17. Qe3 Nxe5 18. dxe5 d4 19. Qe4 dxc3 20. bxc3 Qb6+ 21. Kh1 Bd5 0-1

[Event "GRE-ch U18"]
[Site "Kavala"]
[Date "2022.04.26"]
[Round "1"]
[White "Spandonidis, Vasileios"]
[Black "Makridis, Dimitrios"]
[Result "0-1"]
[WhiteElo "1197"]
[BlackElo "2082"]
[PlyCount "80"]
[EventDate "2022.04.26"]
[EventType "swiss"]
[EventRounds "9"]
[EventCountry "GRE"]
[SourceTitle "CBM 208 Extra"]
[Source "ChessBase"]
[SourceDate "2022.07.31"]
[SourceVersion "1"]
[SourceVersionDate "2022.07.31"]
[SourceQuality "1"]

1. d4 d5 2. Bf4 c5 3. e3 cxd4 4. exd4 Nc6 5. c3 Bf5 6. Nf3 e6 7. Qb3 Qd7 8. Bb5 f6 9. Nbd2 g5 10. Bg3 h5 11. h4 g4 12. Ng1 Nge7 13. Nf1 Bh6 14. Ne3 Be4 15. Rh2 Ng6 16. c4 0-0 17. cxd5 exd5 18. Ne2 Kh7 19. f3 gxf3 20. gxf3 Bxf3 21. Bd3 Rae8 22. Nf5 Bxe2 23. Rxe2 Rxe2+ 24. Kxe2 Nxd4+ 25. Nxd4 Qg4+ 26. Nf3 Qxg3 27. Qxd5 Qg2+ 28. Kd1 Qh1+ 29. Kc2 Qxa1 30. Qd7+ Kh8 31. Bxg6 Qc1+ 32. Kb3 Bg7 33. Nd4 f5 34. Bxf5 Qd1+ 35. Nc2 Qxd7 36. Bxd7 Rf3+ 37. Kc4 Rf4+ 38. Kd5 Rxh4 39. b3 Rh2 40. Nb4 h4 0-1